Normal view
MARC view
Entry Personal Name
001 - CONTROL NUMBER
- control field: 52320
003 - CONTROL NUMBER IDENTIFIER
- control field: OSt
005 - DATE AND TIME OF LATEST TRANSACTION
- control field: 20160413164503.0
008 - FIXED-LENGTH DATA ELEMENTS
- fixed length control field: 160413|| aca||aabn | a|a d
040 ## - CATALOGING SOURCE
- Original cataloging agency: OSt
- Transcribing agency: OSt
100 ## - HEADING--PERSONAL NAME
- Personal name: डॉ अभयकुमार श्रीवास्तव
670 ## - SOURCE DATA FOUND
- Source citation: Work cat.: (OSt)10221: डॉ अभयकुमार श्रीवास्तव, शरीर व्यायाम और क्रीडा चिकित्सा , 2004









